[Event "HUN-chT 2324"]
[Site "Hungary"]
[Date "2023.12.10"]
[Round "3.6"]
[White "Bohati, Tamas"]
[Black "Trbojevic, Mladen"]
[Result "1/2-1/2"]
[WhiteElo "2264"]
[BlackElo "2334"]
[PlyCount "74"]
[EventDate "2023.10.28"]
[EventType "team-tourn"]
[EventRounds "9"]
[EventCountry "HUN"]
[SourceTitle "CB16_2024"]
[SourceDate "2024.04.17"]
[SourceVersion "1"]
[SourceVersionDate "2024.04.17"]
[SourceQuality "1"]
[WhiteTeam "Kekes"]
[BlackTeam "Haladas"]
[WhiteTeamCountry "HUN"]
[BlackTeamCountry "HUN"]

1. d4 Nf6 2. c4 g6 3. Nc3 d5 4. Nf3 Bg7 5. e3 0-0 6. cxd5 Nxd5 7. Bc4 Nb6 8. Bb3 c5 9. 0-0 cxd4 10. Nxd4 N8d7 11. Qe2 Nc5 12. Rd1 Nxb3 13. axb3 Qc7 14. e4 Bxd4 15. Rxd4 Be6 16. Qb5 Nd7 17. Be3 a6 18. Qa5 b6 19. Qa3 Ne5 20. h3 Nc6 21. Rd3 b5 22. Nd5 Qb7 23. Rc1 Bxd5 24. Rxd5 Rfd8 25. Qc5 Na5 26. Qb4 Nc6 27. Qc3 Rxd5 28. exd5 Nd8 29. Qe5 f6 30. Qc7 Qxd5 31. Qxe7 Qe6 32. Qb4 Nf7 33. Rc7 Rd8 34. Rc1 Ne5 35. Rc7 Nf7 36. Rc1 Ne5 37. Rc7 Nf7 1/2-1/2

[Event "HUN-chT 2324"]
[Site "Hungary"]
[Date "2023.10.29"]
[Round "2.7"]
[White "Bohati, Tamas"]
[Black "Korpa, Bence"]
[Result "0-1"]
[WhiteElo "2264"]
[BlackElo "2522"]
[PlyCount "76"]
[EventDate "2023.10.28"]
[EventType "team-tourn"]
[EventRounds "9"]
[EventCountry "HUN"]
[SourceTitle "Mega2024 Update 01"]
[Source "Chessbase"]
[SourceDate "2023.11.12"]
[SourceVersion "1"]
[SourceVersionDate "2023.11.12"]
[SourceQuality "1"]
[WhiteTeam "Kekes"]
[BlackTeam "Ajka Sentimento"]
[WhiteTeamCountry "HUN"]
[BlackTeamCountry "HUN"]

1. d4 f5 2. Nh3 Nf6 3. b3 e6 4. e3 Bb4+ 5. Bd2 Be7 6. Bd3 d6 7. c4 0-0 8. Nc3 e5 9. Qe2 Nc6 10. d5 Nb4 11. Bb1 a5 12. a3 Na6 13. 0-0 c6 14. Rd1 cxd5 15. cxd5 Bd7 16. Bd3 Nc5 17. Bc4 Nfe4 18. b4 Nxd2 19. Qxd2 axb4 20. axb4 Rxa1 21. Rxa1 Ne4 22. Nxe4 fxe4 23. Qc2 Qc8 24. Ra2 Bh4 25. Bf1 Bxh3 26. gxh3 Bxf2+ 27. Kh1 Qf5 28. Bg2 Bxe3 29. Qxe4 Qxe4 30. Bxe4 Rf4 31. Ra8+ Kf7 32. Bxh7 Rxb4 33. Bg8+ Ke7 34. Rc8 Rb2 35. Be6 e4 36. h4 Bc5 37. Bg4 e3 38. Bh5 g6 0-1

[Event "HUN-chT 2324"]
[Site "Hungary"]
[Date "2023.10.28"]
[Round "1.7"]
[White "Juhasz, Judit"]
[Black "Bohati, Tamas"]
[Result "1/2-1/2"]
[WhiteElo "1940"]
[BlackElo "2264"]
[PlyCount "110"]
[EventDate "2023.10.28"]
[EventType "team-tourn"]
[EventRounds "9"]
[EventCountry "HUN"]
[SourceTitle "Mega2024 Update 01"]
[Source "Chessbase"]
[SourceDate "2023.11.12"]
[SourceVersion "1"]
[SourceVersionDate "2023.11.12"]
[SourceQuality "1"]
[WhiteTeam "Tapolca Varos"]
[BlackTeam "Kekes"]
[WhiteTeamCountry "HUN"]
[BlackTeamCountry "HUN"]

1. e4 d6 2. d4 Nf6 3. Nc3 g6 4. f4 Bg7 5. Nf3 0-0 6. Bd3 Na6 7. 0-0 c5 8. e5 Nd7 9. Nb5 cxd4 10. exd6 exd6 11. Nfxd4 Nac5 12. Be2 Nf6 13. Kh1 Nfe4 14. Bf3 a6 15. Na3 Qh4 16. Kg1 d5 17. c3 Bd7 18. Be3 Rfe8 19. Ndc2 Bc6 20. Bxe4 Nxe4 21. Bd4 Bf8 22. Rf3 Bd7 23. Ne3 Bxa3 24. bxa3 Bg4 25. Nxg4 Qxg4 26. Rb1 b5 27. Rb2 Rad8 28. a4 bxa4 29. Qxa4 Nd6 30. Rf1 Qc8 31. Bf6 Rd7 32. Rb8 Qxb8 33. Qxd7 Ne4 34. Bd4 Qb5 35. Qxb5 axb5 36. Rb1 Nd6 37. Be5 Nc4 38. Rxb5 Nxe5 39. fxe5 Rxe5 40. a4 Re4 41. a5 Rc4 42. Rb4 Rc6 43. Kf2 Kf8 44. Ke3 Rxc3+ 45. Kd4 Ra3 46. Rb5 Ke7 47. Kxd5 Kd7 48. Rb7+ Kc8 49. Rxf7 Rxa5+ 50. Ke4 Rh5 51. h3 Kd8 52. Kf4 Ke8 53. Rb7 Rf5+ 54. Kg4 h5+ 55. Kh4 Kf8 1/2-1/2

[Event "HUN-chT2 Erkel 1819"]
[Site "Hungary"]
[Date "2019.01.27"]
[Round "4.2"]
[White "Gubics, Peter"]
[Black "Bohati, Tamas"]
[Result "0-1"]
[WhiteElo "2083"]
[BlackElo "2245"]
[PlyCount "172"]
[EventDate "2018.10.28"]
[EventType "team-tourn"]
[EventRounds "9"]
[EventCountry "HUN"]
[SourceTitle "EXT 2021"]
[Source "ChessBase"]
[SourceDate "2020.10.23"]
[SourceVersion "1"]
[SourceVersionDate "2020.10.23"]
[SourceQuality "1"]
[WhiteTeam "Fot"]
[BlackTeam "Gyongyos Energia"]
[WhiteTeamCountry "HUN"]
[BlackTeamCountry "HUN"]

1. Nf3 Nf6 2. c4 g6 3. g3 Bg7 4. Bg2 0-0 5. 0-0 d5 6. cxd5 Nxd5 7. Nc3 Nb6 8. d3 Nc6 9. Be3 e5 10. Rc1 Re8 11. Ne4 Nd5 12. Bg5 f6 13. Bd2 Bf8 14. Nc5 Bxc5 15. Rxc5 Be6 16. a3 Qd6 17. Rc1 a5 18. Qa4 Bf7 19. Qh4 a4 20. Rfd1 Nde7 21. g4 Bb3 22. Re1 Nd5 23. Qh6 Nd8 24. Be3 Nf7 25. Qh3 Nxe3 26. fxe3 Qb6 27. Nd2 Be6 28. Nc4 Bxc4 29. Rxc4 c6 30. Rb4 Qa7 31. Qf3 Re6 32. h4 Rae8 33. Qe4 b5 34. Rc1 c5 35. Rxb5 Nd6 36. Qc6 Nxb5 37. Qxb5 Kg7 38. Bd5 Rb8 39. Qxc5 Qxc5 40. Rxc5 Ra6 41. g5 Ra7 42. gxf6+ Kxf6 43. Rc2 Rb6 44. Kf2 h6 45. Bc6 Rc7 46. Bxa4 Rxc2 47. Bxc2 Rxb2 48. Bd1 Rb1 49. Bc2 Rc1 50. Bb3 Rc3 51. Bd5 Rxa3 52. Kf3 Rc3 53. Kg3 Rc1 54. Kf2 g5 55. hxg5+ Kxg5 56. Bf3 Rd1 57. Kg3 Rd2 58. Kf2 Rb2 59. Bg2 Rb4 60. Bh3 Kh4 61. Be6 h5 62. Bc8 Rb8 63. Be6 Rf8+ 64. Kg2 Kg5 65. Bd7 Kf6 66. Bh3 Rg8+ 67. Kf2 Ke7 68. Bg2 Kd6 69. Bf3 h4 70. Bg2 Kc5 71. Bh3 Rg5 72. Bc8 Kb4 73. Bh3 Kc3 74. Be6 Rg6 75. Bc8 Kd2 76. Bf5 Rf6 77. e4 Rf8 78. Kf3 h3 79. Kg3 Kxe2 80. Kxh3 Kxd3 81. Kg4 Rg8+ 82. Kf3 Rh8 83. Be6 Rh4 84. Bf5 Rf4+ 85. Kg2 Ke3 86. Bh7 Rxe4 0-1

[Event "SVK-chT2C 1819"]
[Site "Slovakia"]
[Date "2018.11.17"]
[Round "3.3"]
[White "Miklas, Marian"]
[Black "Bohati, Tamas"]
[Result "1-0"]
[WhiteElo "2053"]
[BlackElo "2264"]
[PlyCount "113"]
[EventDate "2018.10.13"]
[EventType "team-tourn"]
[EventRounds "11"]
[EventCountry "SVK"]
[SourceTitle "CBM 187 Extra"]
[Source "ChessBase"]
[SourceDate "2018.11.04"]
[SourceVersion "1"]
[SourceVersionDate "2018.11.04"]
[SourceQuality "1"]
[WhiteTeam "Banska Bystrica Kurta"]
[BlackTeam "Filakovo"]
[WhiteTeamCountry "SVK"]
[BlackTeamCountry "SVK"]

1. Nf3 Nf6 2. c4 g6 3. g3 Bg7 4. Bg2 0-0 5. 0-0 d6 6. Nc3 Nc6 7. d4 Bf5 8. d5 Na5 9. Nd2 c6 10. b4 Nxc4 11. Nxc4 Nxd5 12. Nxd5 Bxa1 13. Bh6 Bg7 14. Bxg7 Kxg7 15. Nc3 d5 16. Na5 Qb6 17. a3 Rad8 18. e4 dxe4 19. Qa1 Kg8 20. Nxe4 Bxe4 21. Bxe4 Rd4 22. Re1 Rfd8 23. Nb3 R4d6 24. Qc3 Qb5 25. Nc5 Rd4 26. Bg2 Rd1 27. Bf1 Qb6 28. Rxe7 Qb5 29. Re1 Qb6 30. Rxd1 Rxd1 31. Qf3 Rd5 32. Bc4 Rf5 33. Qe3 a5 34. Bd3 Rd5 35. Qe8+ Kg7 36. Nd7 Rxd7 37. Qxd7 axb4 38. Bc4 Qc5 39. Qxf7+ Kh6 40. axb4 Qxb4 41. Qf4+ Kg7 42. Qe5+ Kh6 43. Bd3 Qa3 44. Qe3+ Kg7 45. g4 Qd6 46. g5 b5 47. Qg3 Qd5 48. Qe3 Qd6 49. Be4 Qd1+ 50. Kg2 Qg4+ 51. Kf1 Qd1+ 52. Qe1 Qd4 53. Bg2 b4 54. Qe7+ Kg8 55. Qe6+ Kg7 56. Bxc6 b3 57. Bd5 1-0

[Event "HUN-chT2 Erkel 1718"]
[Site "Hungary"]
[Date "2018.03.25"]
[Round "10.1"]
[White "Szabolcsi, Janos"]
[Black "Bohati, Tamas"]
[Result "1-0"]
[WhiteElo "2319"]
[BlackElo "2268"]
[PlyCount "101"]
[EventDate "2017.09.24"]
[EventType "team-tourn"]
[EventRounds "11"]
[EventCountry "HUN"]
[SourceTitle "EXT 2021"]
[Source "ChessBase"]
[SourceDate "2020.10.23"]
[SourceVersion "1"]
[SourceVersionDate "2020.10.23"]
[SourceQuality "1"]
[WhiteTeam "Budapest MTK II"]
[BlackTeam "Gyongyos Energia"]
[WhiteTeamCountry "HUN"]
[BlackTeamCountry "HUN"]

1. d4 Nf6 2. c4 g6 3. Nc3 Bg7 4. e4 d6 5. Be2 0-0 6. Nf3 e5 7. 0-0 Na6 8. Re1 Qe8 9. Bf1 Bg4 10. d5 Nh5 11. h3 Bd7 12. b4 Nxb4 13. Qb3 a5 14. a3 Na6 15. Qxb7 Qb8 16. Qxb8 Rfxb8 17. Nb5 Rb7 18. a4 f5 19. Ba3 Nf4 20. Nd2 fxe4 21. Nxe4 Kh8 22. g3 Nh5 23. Rab1 Nf6 24. Nd2 Bf8 25. Bg2 Bf5 26. Rb2 Nd7 27. g4 Bd3 28. f4 Bg7 29. Ra2 exf4 30. Re7 Rd8 31. Be4 Bxe4 32. Nxe4 Nb6 33. Nbxd6 cxd6 34. Rxb7 Nxc4 35. Ng5 Re8 36. Ne6 Be5 37. Kf2 Ne3 38. Rb5 Nd1+ 39. Kf3 Nc3 40. Rxa5 Nxa2 41. Rxa6 Nc3 42. Bxd6 Bxd6 43. Rxd6 Nxd5 44. Rxd5 Rxe6 45. Kxf4 Re1 46. a5 Ra1 47. Ke5 Ra3 48. Kd6 Kg7 49. Kc6 Rxh3 50. a6 Ra3 51. Kb6 1-0

[Event "HUN-chT2 Erkel 1718"]
[Site "Hungary"]
[Date "2017.11.26"]
[Round "4.1"]
[White "Bohati, Tamas"]
[Black "Egyed, Andras"]
[Result "1/2-1/2"]
[WhiteElo "2268"]
[BlackElo "2227"]
[PlyCount "230"]
[EventDate "2017.09.24"]
[EventType "team-tourn"]
[EventRounds "11"]
[EventCountry "HUN"]
[SourceTitle "EXT 2021"]
[Source "ChessBase"]
[SourceDate "2020.10.23"]
[SourceVersion "1"]
[SourceVersionDate "2020.10.23"]
[SourceQuality "1"]
[WhiteTeam "Gyongyos Energia"]
[BlackTeam "Salgotarjan"]
[WhiteTeamCountry "HUN"]
[BlackTeamCountry "HUN"]

1. d4 Nf6 2. c4 e6 3. g3 d5 4. Bg2 c6 5. Nf3 Nbd7 6. 0-0 b5 7. b3 Be7 8. Nbd2 0-0 9. Qc2 Bb7 10. c5 Qc7 11. Bb2 b4 12. e4 dxe4 13. Nxe4 Nxe4 14. Qxe4 Nf6 15. Qc2 Nd5 16. Ne5 Bf6 17. Nc4 Ba6 18. Rfd1 g6 19. h4 Bg7 20. Nd6 Rfd8 21. a3 bxa3 22. Rxa3 Bc8 23. Rda1 Bf8 24. Nc4 Bg7 25. Bxd5 exd5 26. Nb6 Rb8 27. Rxa7 Rb7 28. Rxb7 Qxb7 29. Qe2 Bf5 30. b4 Kf8 31. Re1 Be6 32. b5 h5 33. Qd3 Bf5 34. Qb3 Kg8 35. Qa4 cxb5 36. Qxb5 Bd7 37. Qb3 Bc6 38. Qf3 Kf8 39. Qf4 f6 40. Bc1 Kf7 41. Qf3 Re8 42. Rxe8 Kxe8 43. g4 hxg4 44. Qxg4 Kf7 45. h5 gxh5 46. Qxh5+ Ke6 47. Bf4 Qa6 48. Qg4+ Kf7 49. Bg3 Qb7 50. Qf5 Bf8 51. Be5 Qe7 52. Qh5+ Ke6 53. Bg3 Qg7 54. Qe2+ Kf5 55. Qd3+ Ke6 56. Qa6 Qb7 57. Qe2+ Kf5 58. Qe3 Qg7 59. Qf4+ Kg6 60. Qg4+ Kh7 61. Qc8 Bb5 62. Qf5+ Qg6 63. Qxd5 Bd3 64. Qd7+ Bg7 65. Qh3+ Kg8 66. Nd5 Qe4 67. Ne3 f5 68. Be5 Bxe5 69. dxe5 Qxe5 70. Qg2+ Kf7 71. Qb7+ Kg6 72. Qc6+ Kg5 73. Qg2+ Kf6 74. Qg8 Be4 75. Qh8+ Ke6 76. Qh6+ Qf6 77. Qf4 Qa1+ 78. Kh2 Qh8+ 79. Kg3 Qg7+ 80. Kh3 Qh8+ 81. Qh4 Qe5 82. Qh6+ Kd7 83. c6+ Bxc6 84. Qh7+ Kc8 85. Qg8+ Kb7 86. Qf7+ Qc7 87. Qf6 f4 88. Nf5 Qd7 89. Kg4 f3 90. Kg3 Qd1 91. Qe7+ Kb6 92. Qe3+ Kb7 93. Nd4 Qg1+ 94. Kf4 Qh2+ 95. Kg4 Qg2+ 96. Kf5 Qh3+ 97. Ke5 Qh8+ 98. Kf5 Qh7+ 99. Kg4 Qg7+ 100. Kf5 Qf7+ 101. Ke5 Qd5+ 102. Kf6 Qd6+ 103. Ne6 Qd5 104. Qa3 Qd2 105. Qc5 Qh6+ 106. Ke7 Qh4+ 107. Ng5 Qf4 108. Nf7 Qh4+ 109. Kf8 Qf6 110. Qh5 Kb6 111. Kg8 Be8 112. Kf8 Bc6 113. Qe5 Qxe5 114. Nxe5 Be4 115. Nxf3 Bxf3 1/2-1/2

[Event "SVK-chT2C 1718"]
[Site "Slovakia"]
[Date "2017.10.29"]
[Round "2.1"]
[White "Bohati, Tamas"]
[Black "Tropp, Oliver"]
[Result "1-0"]
[WhiteElo "2266"]
[BlackElo "2195"]
[PlyCount "65"]
[EventDate "2017.10.28"]
[EventType "team-tourn"]
[EventRounds "11"]
[EventCountry "SVK"]
[SourceTitle "CBM 181 Extra"]
[Source "ChessBase"]
[SourceDate "2017.12.12"]
[SourceVersion "1"]
[SourceVersionDate "2017.12.12"]
[SourceQuality "1"]
[WhiteTeam "Filakovo"]
[BlackTeam "Liptov Chess School III"]
[WhiteTeamCountry "SVK"]
[BlackTeamCountry "SVK"]

1. d4 Nf6 2. c4 g6 3. Nc3 Bg7 4. e4 d6 5. h3 0-0 6. Be3 e5 7. d5 a5 8. Bd3 Na6 9. Nge2 Nc5 10. Bc2 Ne8 11. g4 f5 12. gxf5 gxf5 13. exf5 Qh4 14. Ng3 Qxc4 15. Qe2 Qxe2+ 16. Kxe2 Nf6 17. a3 b6 18. b4 Ba6+ 19. Kd2 Ncd7 20. Bb3 Rf7 21. Rac1 Raf8 22. Nce4 Nxe4+ 23. Nxe4 h6 24. Rxc7 Nc5 25. bxc5 Rxc7 26. cxb6 Rd7 27. Ba4 Rdd8 28. Rg1 Kh7 29. f6 Bxf6 30. Bc2 Kh8 31. Bxh6 Be7 32. Bg7+ Kg8 33. Bxe5+ 1-0

[Event "HUN-chT2 Erkel 1617"]
[Site "Hungary"]
[Date "2016.11.27"]
[Round "5.1"]
[White "Egyed, Andras"]
[Black "Bohati, Tamas"]
[Result "1/2-1/2"]
[WhiteElo "2247"]
[BlackElo "2237"]
[PlyCount "114"]
[EventDate "2016.09.25"]
[EventType "team-tourn"]
[EventRounds "11"]
[EventCountry "HUN"]
[SourceTitle "EXT 2021"]
[Source "ChessBase"]
[SourceDate "2020.10.23"]
[SourceVersion "1"]
[SourceVersionDate "2020.10.23"]
[SourceQuality "1"]
[WhiteTeam "Salgotarjan"]
[BlackTeam "Andornaktalya"]
[WhiteTeamCountry "HUN"]
[BlackTeamCountry "HUN"]

1. d4 g6 2. c4 Nf6 3. Nc3 Bg7 4. e4 d6 5. f3 0-0 6. Be3 Nbd7 7. Qd2 a6 8. Bd3 c5 9. Nge2 e6 10. 0-0 b6 11. Rfd1 Bb7 12. Rac1 Qe7 13. Bb1 Rfe8 14. dxc5 dxc5 15. Qd6 Qxd6 16. Rxd6 Bf8 17. Rd2 Bc6 18. a4 Ne5 19. b3 Nfd7 20. h3 f5 21. Rcd1 Ra7 22. Kf2 Nf7 23. f4 Be7 24. g3 Nf6 25. e5 Nd7 26. Ng1 Nf8 27. Bd3 g5 28. Be2 Rc8 29. Bh5 gxf4 30. gxf4 Ng6 31. Bf3 Be8 32. Nce2 b5 33. axb5 axb5 34. cxb5 Bxb5 35. b4 Ra3 36. Bxc5 Bxc5+ 37. bxc5 Rxc5 38. Rd4 Rc2 39. R1d2 Raa2 40. Rxc2 Rxc2 41. Ke3 Rc4 42. Bh5 Ne7 43. Rxc4 Bxc4 44. Nc3 Kf8 45. Nf3 Nd5+ 46. Nxd5 Bxd5 47. Nd4 Nd8 48. Bd1 Bg2 49. h4 Ke7 50. Bb3 Be4 51. Kd2 Bg2 52. Kc3 Be4 53. Kb2 Bg2 54. Bc4 Be4 55. Ka3 Bg2 56. Ka4 Bc6+ 57. Kb4 Be8 1/2-1/2

[Event "HUN-chT2 Erkel 1516"]
[Site "Hungary"]
[Date "2015.10.18"]
[Round "3.1"]
[White "Mede, Istvan"]
[Black "Bohati, Tamas"]
[Result "1/2-1/2"]
[WhiteElo "2247"]
[BlackElo "2195"]
[PlyCount "63"]
[EventDate "2015.09.13"]
[EventType "team-tourn"]
[EventRounds "11"]
[EventCountry "HUN"]
[SourceTitle "CBM 170 Extra"]
[Source "ChessBase"]
[SourceDate "2016.02.25"]
[SourceVersion "1"]
[SourceVersionDate "2016.02.25"]
[SourceQuality "1"]
[WhiteTeam "Salgotarjan"]
[BlackTeam "Paszto"]
[WhiteTeamCountry "HUN"]
[BlackTeamCountry "HUN"]

1. e4 g6 2. d4 Bg7 3. Nc3 d6 4. f4 Nf6 5. Nf3 0-0 6. e5 dxe5 7. fxe5 Nd5 8. Bc4 Be6 9. Qe2 Nc6 10. Nxd5 Bxd5 11. Bxd5 Qxd5 12. c4 Qa5+ 13. Bd2 Qb6 14. Bc3 e6 15. 0-0-0 Rad8 16. g4 Ne7 17. h4 c5 18. h5 cxd4 19. Bxd4 Qa5 20. Kb1 Nc6 21. Bc3 Rxd1+ 22. Rxd1 Qc7 23. Rd6 Rd8 24. hxg6 hxg6 25. c5 Ne7 26. Qd2 Re8 27. Bd4 Nd5 28. Qh2 Qa5 29. a3 Qb5 30. Qf2 Qd3+ 31. Ka1 Bh6 32. g5 1/2-1/2

[Event "HUN-chT2 Erkel 1516"]
[Site "Hungary"]
[Date "2015.10.04"]
[Round "2.1"]
[White "Bohati, Tamas"]
[Black "Marosi, Levente"]
[Result "0-1"]
[WhiteElo "2195"]
[BlackElo "2174"]
[PlyCount "110"]
[EventDate "2015.09.13"]
[EventType "team-tourn"]
[EventRounds "11"]
[EventCountry "HUN"]
[SourceTitle "CBM 170 Extra"]
[Source "ChessBase"]
[SourceDate "2016.02.25"]
[SourceVersion "1"]
[SourceVersionDate "2016.02.25"]
[SourceQuality "1"]
[WhiteTeam "Paszto"]
[BlackTeam "Budapest MTK II"]
[WhiteTeamCountry "HUN"]
[BlackTeamCountry "HUN"]

1. e4 c5 2. Nf3 d6 3. d4 cxd4 4. Nxd4 Nf6 5. Nc3 a6 6. Qf3 g6 7. h3 Bg7 8. Be3 Nc6 9. 0-0-0 Bd7 10. g4 Rc8 11. Kb1 0-0 12. g5 Nh5 13. Nxc6 bxc6 14. Bd4 Bxd4 15. Rxd4 Rb8 16. Qe3 Qc7 17. Be2 Nf4 18. Rd2 Qb6 19. Qxb6 Rxb6 20. e5 c5 21. Rhd1 Rfb8 22. b3 Bf5 23. exd6 exd6 24. Rxd6 Rxd6 25. Rxd6 Nxh3 26. Nd5 Nxg5 27. Ne7+ Kg7 28. Nxf5+ gxf5 29. Rxa6 Ne4 30. Bh5 Nxf2 31. Rc6 Ne4 32. Rc7 Kh6 33. Bxf7 f4 34. Kc1 Rf8 35. Bd5 Ng5 36. Kd2 Rd8 37. c4 f3 38. Ke3 Re8+ 39. Kf2 Re2+ 40. Kf1 Rxa2 41. Rxc5 Nh3 42. Bxf3 Rf2+ 43. Ke1 Rxf3 44. b4 Nf4 45. Kd2 Kg6 46. b5 Rd3+ 47. Ke1 Rd6 48. Kf1 Rd1+ 49. Kf2 Nd3+ 50. Ke2 Nxc5 51. Kxd1 Kf5 52. Ke2 Kf4 53. Kf2 h5 54. Kg2 Kg4 55. b6 h4 0-1

[Event "HUN-chT2 Erkel 1516"]
[Site "Hungary"]
[Date "2015.09.13"]
[Round "1.1"]
[White "Bednay, Dezso"]
[Black "Bohati, Tamas"]
[Result "1-0"]
[WhiteElo "2287"]
[BlackElo "2195"]
[PlyCount "75"]
[EventDate "2015.09.13"]
[EventType "team-tourn"]
[EventRounds "11"]
[EventCountry "HUN"]
[SourceTitle "CBM 170 Extra"]
[Source "ChessBase"]
[SourceDate "2016.02.25"]
[SourceVersion "1"]
[SourceVersionDate "2016.02.25"]
[SourceQuality "1"]
[WhiteTeam "Barcza BEAC"]
[BlackTeam "Paszto"]
[WhiteTeamCountry "HUN"]
[BlackTeamCountry "HUN"]

1. e4 d6 2. d4 Nf6 3. f3 g6 4. c4 Bg7 5. Nc3 0-0 6. Be3 a6 7. Qd2 Nbd7 8. Bd3 c5 9. Nge2 b6 10. 0-0 Bb7 11. a3 Rc8 12. b3 e6 13. Rac1 Qe7 14. b4 Bc6 15. Rfd1 Rfe8 16. h3 Rb8 17. Bf2 h5 18. Re1 Kh7 19. Be3 Ng8 20. f4 f5 21. Bf2 Bb7 22. d5 Ndf6 23. exf5 exf5 24. Nd4 Qd7 25. Ne6 Ne7 26. bxc5 dxc5 27. Bh4 Nc8 28. Nxg7 Kxg7 29. Rxe8 Qxe8 30. Re1 Qf8 31. Re6 Ng8 32. Qe2 Kh7 33. Qe5 Ra8 34. g4 hxg4 35. hxg4 Nh6 36. Rf6 Qg7 37. gxf5 gxf5+ 38. Bg5 1-0

[Event "HUN-chT2 Erkel 1415"]
[Site "Hungary"]
[Date "2015.03.22"]
[Round "8.1"]
[White "Bohati, Tamas"]
[Black "Boricsev, Oleg"]
[Result "1/2-1/2"]
[WhiteElo "2099"]
[BlackElo "2365"]
[PlyCount "126"]
[EventDate "2014.09.28"]
[EventType "team-tourn"]
[EventRounds "9"]
[EventCountry "HUN"]
[SourceTitle "EXT 2016"]
[Source "ChessBase"]
[SourceDate "2015.10.08"]
[SourceVersion "1"]
[SourceVersionDate "2015.10.08"]
[SourceQuality "1"]
[WhiteTeam "Paszto"]
[BlackTeam "Matra"]
[WhiteTeamCountry "HUN"]
[BlackTeamCountry "HUN"]

1. d4 d5 2. Nf3 e6 3. c4 c5 4. cxd5 exd5 5. g3 Nc6 6. Bg2 Nf6 7. 0-0 Be7 8. Nc3 0-0 9. Bg5 Bf5 10. Rc1 h6 11. Bf4 c4 12. Ne5 Re8 13. h3 Qa5 14. e4 Nxe4 15. Nxe4 Nxe5 16. dxe5 dxe4 17. g4 Bg6 18. Rxc4 Qxa2 19. Qe2 Rac8 20. Rxc8 Rxc8 21. Bxe4 Qc4 22. Qxc4 Rxc4 23. Bxg6 Rxf4 24. Bc2 Bc5 25. Kg2 Bd4 26. b3 g5 27. f3 Bxe5 28. Be4 b6 29. Rd1 Rf6 30. Rd7 a5 31. Bd5 Kg7 32. Bc4 Bf4 33. Kf2 Kf8 34. Ke2 Ke8 35. Rb7 Bc1 36. Bb5+ Kf8 37. Bc4 Ba3 38. Kf2 Rf4 39. Ke2 Bc5 40. Bd5 Kg7 41. Rd7 Kg6 42. Rb7 f5 43. Rf7 h5 44. Rxf5 Rxf5 45. gxf5+ Kxf5 46. Bf7 h4 47. Kd3 Kf4 48. Bh5 b5 49. Kc3 Ke3 50. Bg4 Bd4+ 51. Kc2 Bf6 52. Kb1 Kd3 53. Ka2 Kc3 54. Bd7 b4 55. Be6 Bd8 56. Bd7 Kd2 57. Be6 Kd3 58. Bf5+ Kd4 59. Bd7 Ke5 60. Bc8 Kf4 61. Bg4 Ke3 62. Bh5 Kd2 63. Bg4 Kc3 1/2-1/2

[Event "HUN-chT2 Erkel 1415"]
[Site "Hungary"]
[Date "2014.12.14"]
[Round "6.2"]
[White "Bohati, Tamas"]
[Black "Trajber, Csaba"]
[Result "1/2-1/2"]
[WhiteElo "2099"]
[BlackElo "2042"]
[PlyCount "93"]
[EventDate "2014.09.28"]
[EventType "team-tourn"]
[EventRounds "9"]
[EventCountry "HUN"]
[SourceTitle "EXT 2016"]
[Source "ChessBase"]
[SourceDate "2015.10.08"]
[SourceVersion "1"]
[SourceVersionDate "2015.10.08"]
[SourceQuality "1"]
[WhiteTeam "Paszto"]
[BlackTeam "Fot"]
[WhiteTeamCountry "HUN"]
[BlackTeamCountry "HUN"]

1. e4 c5 2. c3 d5 3. exd5 Qxd5 4. d4 g6 5. Nf3 Bg7 6. Be3 cxd4 7. cxd4 Nf6 8. Nc3 Qa5 9. Be2 0-0 10. 0-0 Nc6 11. Qb3 Qb4 12. d5 Qxb3 13. axb3 Nb4 14. Bc4 b5 15. Nxb5 Nfxd5 16. Bxa7 Bxb2 17. Rad1 Bb7 18. Rd2 Bf6 19. Bd4 Nf4 20. Bxf6 exf6 21. Rd4 Nfd5 22. Rfd1 Ra5 23. Nd6 Bc6 24. h3 Rd8 25. Ne4 Kg7 26. Ng3 Rb8 27. Ne1 Ne7 28. Rd6 Nf5 29. Nxf5+ Rxf5 30. Nd3 Nxd3 31. R1xd3 Bb5 32. R3d5 Rxd5 33. Bxd5 f5 34. f3 Kf8 35. Rf6 Be8 36. Ra6 Rb5 37. Bc4 Rb7 38. Ra8 Ke7 39. Kf2 Bd7 40. Ke3 Bc6 41. Ra2 g5 42. Kd4 h5 43. Ra5 Rd7+ 44. Kc3 Rd1 45. Ra2 g4 46. hxg4 fxg4 47. fxg4 1/2-1/2

[Event "HUN-chT2 Erkel 1314"]
[Site "Hungary"]
[Date "2014.03.23"]
[Round "9.3"]
[White "Bohati, Tamas"]
[Black "Hevesi, Zoltan"]
[Result "1-0"]
[WhiteElo "2101"]
[BlackElo "2056"]
[PlyCount "99"]
[EventDate "2013.09.08"]
[EventType "team-tourn"]
[EventRounds "11"]
[EventCountry "HUN"]
[SourceTitle "EXT 2016"]
[Source "ChessBase"]
[SourceDate "2015.10.08"]
[SourceVersion "1"]
[SourceVersionDate "2015.10.08"]
[SourceQuality "1"]
[WhiteTeam "Paszto"]
[BlackTeam "Andornaktalya"]
[WhiteTeamCountry "HUN"]
[BlackTeamCountry "HUN"]

1. e4 c5 2. c3 d5 3. exd5 Qxd5 4. d4 cxd4 5. cxd4 Nc6 6. Nf3 Bg4 7. Nc3 Qa5 8. Bb5 a6 9. Bxc6+ bxc6 10. Qb3 Bxf3 11. Qb7 Rd8 12. gxf3 e6 13. Qxc6+ Rd7 14. Bd2 Ne7 15. Qe4 Nd5 16. Qe5 f6 17. Qb8+ Rd8 18. Qb7 Qb6 19. Qxb6 Nxb6 20. Be3 Nc4 21. 0-0-0 Rb8 22. b3 Ba3+ 23. Kc2 Nd6 24. d5 e5 25. Ne4 Ke7 26. Kd3 f5 27. Nc3 f4 28. Bc1 Bc5 29. Ne4 Nxe4 30. Kxe4 Kd6 31. Bb2 Rb4+ 32. Kf5 Rf8+ 33. Kg5 Rb6 34. Rhe1 Re8 35. Re2 Rb7 36. Rc2 Rc7 37. Kf5 g6+ 38. Ke4 Rb7 39. Rc4 Bxf2 40. Rc6+ Kd7 41. Ba3 Be3 42. Rd6+ Kc7 43. Rxa6 Ra7 44. Rxa7+ Bxa7 45. Rc1+ Kd7 46. Rc4 Bd4 47. Bc5 Ra8 48. Bxd4 exd4 49. Ra4 d3 50. Kxd3 1-0

[Event "HUN-chT2 Erkel 1314"]
[Site "Hungary"]
[Date "2014.02.02"]
[Round "6.2"]
[White "Bohati, Tamas"]
[Black "Brustkern, Juergen"]
[Result "1-0"]
[WhiteElo "2101"]
[BlackElo "2241"]
[PlyCount "129"]
[EventDate "2013.09.08"]
[EventType "team-tourn"]
[EventRounds "11"]
[EventCountry "HUN"]
[SourceTitle "EXT 2016"]
[Source "ChessBase"]
[SourceDate "2015.10.08"]
[SourceVersion "1"]
[SourceVersionDate "2015.10.08"]
[SourceQuality "1"]
[WhiteTeam "Paszto"]
[BlackTeam "Budapest MAFC"]
[WhiteTeamCountry "HUN"]
[BlackTeamCountry "HUN"]

1. d4 d5 2. Nf3 Nc6 3. Bf4 f6 4. e3 Bg4 5. Bb5 e6 6. Nbd2 Bd6 7. c3 e5 8. dxe5 fxe5 9. Bg5 Nf6 10. h3 Be6 11. Qa4 0-0 12. e4 a6 13. Bxc6 bxc6 14. Qxc6 h6 15. Bxf6 Rxf6 16. 0-0-0 Rb8 17. exd5 Bd7 18. Qc4 Rf4 19. Qe2 Ra4 20. Kb1 Qe8 21. Ka1 Qg6 22. Rc1 Rb5 23. Nc4 Rxc4 24. Qxc4 Qxg2 25. Qe4 Qxf2 26. Rc2 Qg3 27. Rg1 Qf4 28. Qxf4 exf4 29. c4 Rb8 30. c5 Be7 31. Ne5 Bf5 32. Rcg2 Bf6 33. Ng4 Bxg4 34. hxg4 f3 35. Rc2 Bd4 36. Rf1 Rf8 37. Rc4 Rf4 38. Kb1 f2 39. Kc2 Rxg4 40. Kd3 Rg1 41. Ke2 Bxb2 42. Kxf2 Rg5 43. Rd1 Rf5+ 44. Ke3 Bf6 45. d6 cxd6 46. Rxd6 Be7 47. Rc6 h5 48. Rc8+ Kh7 49. c6 Bd6 50. c7 Bxc7 51. R8xc7 Rg5 52. R7c5 Rg3+ 53. Kf2 Ra3 54. Rc2 Kh6 55. R5c3 Ra4 56. a3 g6 57. Kg3 h4+ 58. Kh3 Kh5 59. Rc5+ Kh6 60. R2c3 Rd4 61. R5c4 Rd1 62. Rxh4+ Kg7 63. Ra4 Rd6 64. Rc7+ Kh6 65. Ra7 1-0